000 00353pam a2200157a 44500
008 230515b2001 xxu||||| |||| 00| 0 eng d
020 _aNULL
041 _aENGLISH
082 _aN.D.
100 _aNagrath I.J. / Sharan S.N.
245 _aSignals & Systems
250 _a0
260 _aNULL
_bTata Mc Graw
_c2001
300 _a606
650 _aNULL
999 _c584028
_d584028